| 000 | 00366nam a2200133Ia 4500 | ||
|---|---|---|---|
| 008 | 150202s9999 xx 000 0 und d | ||
| 020 | _a586066888 | ||
| 050 |
_aFIC _bFIC |
||
| 100 | _aFeist, Raymond E. | ||
| 245 | 2 |
_aA darkness at Sethanon / _cRaymond E. Feist. |
|
| 260 |
_aLondon : _bGrafton Books, _c1986. |
||
| 300 |
_a527 pages : _c18 cm. |
||
| 650 | _aFiction. | ||
| 999 |
_c282006 _d282006 |
||